000 00446nam a2200169Ia 4500
008 240729s9999 xx 000 0 und d
022 _a2364-768X
245 0 _aPleura and Peritoneum
260 _aGermany
260 _bDe Gruyter
650 _a Internal medicine
650 _a Specialties of internal medicine
650 _aMedicine
856 _uhttps://doaj.org/toc/b47bb7ed410c4b95bb2672fd305eeb3b
942 _2ddc
942 _cDOAJEJ
999 _c73757
_d73757
945 _a1
_bMadushi Gamage
_c1
_dMadushi Gamage